000 00255nam a22001097a 4500
008 170123b xxu||||| |||| 00| 0 eng d
020 _a9780781793865
041 _aeng
080 _27TH
_a618.2
245 _aFUNDAMENTALS OF NURSING
_cTAYLOR
942 _2udc
_cBK
999 _c3376
_d3376